[Event "Pan American-ch School U15 12th"]
[Site "Callao"]
[Date "2023.10.19"]
[Round "6"]
[White "Ramirez Mori, Angel Farid"]
[Black "Ramirez Espino, Gian Sandro"]
[Result "1/2-1/2"]
[WhiteElo "1573"]
[BlackElo "1425"]
[PlyCount "48"]
[EventDate "2023.10.16"]
[EventType "swiss"]
[EventRounds "9"]
[EventCountry "PER"]
[SourceTitle "Mega2024 Update 01"]
[Source "Chessbase"]
[SourceDate "2023.11.12"]
[SourceVersion "1"]
[SourceVersionDate "2023.11.12"]
[SourceQuality "1"]

1. e4 e6 2. d4 d5 3. Nd2 c5 4. exd5 Qxd5 5. Ngf3 cxd4 6. Bc4 Qd7 7. 0-0 Nc6 8. Nb3 a6 9. a4 Nf6 10. Nfxd4 Nxd4 11. Nxd4 Qc7 12. Qe2 Bd6 13. h3 0-0 14. Bg5 Nd7 15. a5 Be5 16. c3 h6 17. Be3 Nf6 18. Nf3 Bd6 19. Bb6 Qe7 20. b4 Bd7 21. Rfd1 Rfc8 22. Qd3 Bc6 23. Nd4 Be4 24. Qe2 Bd5 1/2-1/2

[Event "South America-ch 1st"]
[Site "Lima"]
[Date "2023.09.18"]
[Round "5"]
[White "Ramirez Mori, Angel Farid"]
[Black "Flores Ramirez, Rodolfo Joaquin"]
[Result "1-0"]
[WhiteElo "1534"]
[BlackElo "1288"]
[PlyCount "41"]
[EventDate "2023.09.14"]
[EventType "swiss"]
[EventRounds "9"]
[EventCountry "PER"]
[SourceTitle "EXT 2024"]
[Source "ChessBase"]
[SourceDate "2023.10.10"]
[SourceVersion "1"]
[SourceVersionDate "2023.10.10"]
[SourceQuality "1"]

1. e4 c5 2. Nf3 g6 3. d4 cxd4 4. Nxd4 Bg7 5. Nc3 d6 6. Be3 Nf6 7. f3 Bd7 8. Qd2 Nc6 9. Bc4 Rc8 10. Bb3 0-0 11. 0-0-0 Na5 12. g4 Nc4 13. Bxc4 Rxc4 14. h4 Qa5 15. h5 Rfc8 16. Nb3 Qc7 17. hxg6 fxg6 18. Bh6 b5 19. Bxg7 Kxg7 20. Qh6+ Kh8 21. Nc5 1-0

[Event "PER-ch"]
[Site "Lima"]
[Date "2023.09.03"]
[Round "8"]
[White "Ramirez Mori, Angel Farid"]
[Black "Pillaca Cabrera, Rodrigo Gerardo"]
[Result "0-1"]
[WhiteElo "1476"]
[BlackElo "1949"]
[PlyCount "102"]
[EventDate "2023.08.29"]
[EventType "swiss"]
[EventRounds "9"]
[EventCountry "PER"]
[SourceTitle "EXT 2024"]
[Source "ChessBase"]
[SourceDate "2023.10.10"]
[SourceVersion "1"]
[SourceVersionDate "2023.10.10"]
[SourceQuality "1"]

1. e4 c5 2. Nf3 Nc6 3. d4 cxd4 4. Nxd4 g6 5. Be3 Bg7 6. Nc3 Nf6 7. Bc4 0-0 8. Bb3 d6 9. f3 Nxd4 10. Bxd4 Be6 11. Qd2 Qa5 12. Bxe6 fxe6 13. 0-0-0 Rac8 14. Kb1 Rc4 15. Ne2 Qc7 16. h4 Rc8 17. Rc1 Qd7 18. g4 Qb5 19. h5 Rf8 20. hxg6 hxg6 21. e5 dxe5 22. Qg5 Rxd4 23. Nxd4 Qd5 24. Qxg6 exd4 25. Rh6 Rf7 26. Rch1 Kf8 27. Rh8+ Ng8 28. Qh7 Bxh8 29. Qxh8 Qxf3 30. a3 Qxg4 31. Rh4 Qg7 32. Qh5 e5 33. Re4 Rf1+ 34. Ka2 Qf7+ 35. Qxf7+ Kxf7 36. Rxe5 Rf6 37. Kb3 Rb6+ 38. Kc4 Rxb2 39. Re2 Ra2 40. Kb3 Ra1 41. Re4 Rd1 42. Kc4 Rd2 43. c3 dxc3 44. Kxc3 Rd7 45. Ra4 b6 46. Kc4 Nf6 47. Kb5 Rc7 48. Rf4 e5 49. Rf1 Ke6 50. a4 e4 51. a5 Rc5+ 0-1

[Event "PER-ch"]
[Site "Lima"]
[Date "2023.08.29"]
[Round "1"]
[White "Principe Osorio, Fabricio"]
[Black "Ramirez Mori, Angel Farid"]
[Result "0-1"]
[WhiteElo "1115"]
[BlackElo "1476"]
[PlyCount "112"]
[EventDate "2023.08.29"]
[EventType "swiss"]
[EventRounds "9"]
[EventCountry "PER"]
[SourceTitle "EXT 2024"]
[Source "ChessBase"]
[SourceDate "2023.10.10"]
[SourceVersion "1"]
[SourceVersionDate "2023.10.10"]
[SourceQuality "1"]

1. d4 Nf6 2. Nf3 e6 3. Bf4 d5 4. e3 c5 5. Nbd2 Bd6 6. Ne5 Qc7 7. Bb5+ Bd7 8. Bxd7+ Nfxd7 9. Qg4 Nxe5 10. dxe5 Bxe5 11. c3 Bxf4 12. exf4 0-0 13. 0-0 Nd7 14. Nf3 Nf6 15. Qh4 Rad8 16. Rfd1 Qb6 17. b3 Ne4 18. Ng5 Nxg5 19. fxg5 e5 20. c4 d4 21. Qe4 Rde8 22. Rd3 f5 23. gxf6 Rxf6 24. Re1 Qc6 25. Rg3 Qxe4 26. Rxe4 Rf4 27. Re2 e4 28. Rf3 Rxf3 29. gxf3 d3 30. Rd2 exf3 31. h3 Re1+ 32. Kh2 Re2 33. Rxd3 Rxf2+ 34. Kg3 Rxa2 35. Rxf3 Re2 36. Rd3 Kf7 37. Kf3 Re7 38. Kg4 a6 39. Kf4 b5 40. Rd6 bxc4 41. bxc4 Ra7 42. Rc6 a5 43. Rxc5 a4 44. Rb5 a3 45. Rb1 a2 46. Ra1 Ke6 47. Ke4 Kd6 48. Kd4 g5 49. c5+ Kc6 50. Ke5 Kxc5 51. Kf5 Kc4 52. Kxg5 Kb3 53. Kh6 Kb2 54. Re1 a1Q 55. Rxa1 Rxa1 56. Kxh7 Rh1 0-1